Kierkegaard vivo (Coloquio organizado por la Unesco en París, del 21 al 23 de abril de 1964)

Na minha lista:
Detalhes bibliográficos
Formato: Livro
Idioma:Undetermined
Publicado em: Madrid, España Alianza Editorial 1970
Edição:2
Assuntos:
Tags: Adicionar Tag
Sem tags, seja o primeiro a adicionar uma tag!

MARC

LEADER 00000nam a2200000Ia 4500
008 170316s9999 xx 000 0 und d
090 |a 100 K-31k 
245 |a Kierkegaard vivo (Coloquio organizado por la Unesco en París, del 21 al 23 de abril de 1964) 
250 |a 2 
260 |a Madrid, España 
260 |b Alianza Editorial 
260 |c 1970 
300 |a 243 páginas 
650 |a FILOSOFÍA 
650 |a JEAN-PAUL SARTRE 
650 |a JASPERS 
650 |a HEIDEGGER 
650 |a KIERKEGAARD - COLOQUIO 
999 |c 16693  |d 16693 
040 |a cru BVZT 
942 |c 15 D  |h 100 K-31k  |2 z